[Requisitions of cavalry horseshoes, nails, and tools].

Bibliographic Details
Format: Government Document eBook
Language:English
Published: [Washington] : The Department, 1876.
Subjects:
Online Access:Connect to the full text of this electronic document

MARC

Tag First Indicator Second Indicator Subfields
LEADER 00000cam a22000001a 4500
001 in00003625035
005 20190408170813.0
006 m o d f
007 cr bn mmmapmmp
008 141128s1876 dcu o f000 0 eng d
035 |a ebd1909211198 
040 |a UMI  |c UMI  |d UtOrBLW 
086 0 |a W 51.4:876/[no.20] 
099 |a W5104a-23.20 
245 0 0 |a [Requisitions of cavalry horseshoes, nails, and tools]. 
264 1 |a [Washington] :  |b The Department,  |c 1876. 
300 |a 1 online resource (1 pages) 
336 |a text  |b txt  |2 rdacontent 
337 |a computer  |b c  |2 rdamedia 
338 |a online resource  |b cr  |2 rdacarrier 
533 |a Electronic reproduction.  |b [Bethesda, Md.] :  |c ProQuest,  |d 2014.  |e digital, PDF file.  |n ProQuest U.S. Executive Branch Documents  |n Mode of access: World Wide Web via ProQuest website. 
588 |a Record is based on online resource; title from PDF title page (ProQuest, last viewed Nov. 2014). Reuse except for individual research requires license from ProQuest, LLC. 
500 |a Electronic resource. 
650 0 |a Cavalry.  |0 http://id.loc.gov/authorities/subjects/sh85021479 
650 0 |a Hardware.  |0 http://id.loc.gov/authorities/subjects/sh85058890 
650 0 |a Military supplies.  |0 http://id.loc.gov/authorities/subjects/sh85085299 
650 0 |a Saddlery.  |0 http://id.loc.gov/authorities/subjects/sh85116418 
655 7 |a Electronic books.  |2 local 
856 4 0 |u http://proxy.library.tamu.edu/login?url=http://congressional.proquest.com/congressional/docview/t66.d71.w5104a-23.20  |z Connect to the full text of this electronic document  |t 0 
999 f f |s d27a76ee-d9f8-37f6-962b-897a80a7575d  |i 1642cfe9-9d47-3cde-a161-fb70af7a17cf  |t 0 
952 f f |a Texas A&M University  |b College Station  |c Electronic Resources  |d Available Online  |t 0  |h No information provided 
998 f f |t 0  |l Available Online